000 00534nam a2200181Ia 4500
001 4546
005 20260306145804.0
008 260306t2017||||xx |||||||||||||| ||spa||
041 _aESP
082 _a324.6
_bC25
100 _aCandia Aguilar, Omar
_eAUT
245 0 _aElecciones y legitimidad origen y representatividad, en los distritos de la provincia de Arequipa, elecciones municipales 2006, 2010 y 2014
260 _c2017
300 _a290 páginas :
_c21 cm.
650 _aGEN
654 _aCDE
942 _cLIB
_dJUS
_fJUS
_2ddc
_n
999 _c4546
_d4546